Normal view
MARC view
- Cult of the Dead Cow
Entry Corporate Name
001 - CONTROL NUMBER
- control field: 93685
003 - CONTROL NUMBER IDENTIFIER
- control field: NUST
005 - DATE AND TIME OF LATEST TRANSACTION
- control field: 20220719101430.0
008 - FIXED-LENGTH DATA ELEMENTS
- fixed length control field: 220719|| aca||aabn | a|a d
040 ## - CATALOGING SOURCE
- Original cataloging agency: NUST
- Transcribing agency: NUST
110 ## - HEADING--CORPORATE NAME
- Corporate name or jurisdiction name as entry element: Cult of the Dead Cow
670 ## - SOURCE DATA FOUND
- Source citation: Work cat.: (NUST)0: Menn, Joseph, author. 93684, Cult of the Dead Cow :
